000 00756nam a2200253 i 4500
001 000025897
003 DO-SdBNP
005 20250411095433.0
007 ta
008 110224s1993 dr 000 0 spa d
040 _aDO-SdBNP
_bspa
_cBNPHU
_drda
082 _222
_bC697p
100 1 _aCollado, Miguel A.,
_d1954-
_eautor
_924696
245 1 0 _aPrimicias de américa en Jánico /
_cMiguel Collado.
260 _bFeria Nacional del Libro,
_fONAP
264 _aSanto Domingo :
_bComisión Organizadora Permanente
_c1993.
300 _a82 paginas ;
_c22 cm.
336 _2rdacontent
_atexto
_btxt
337 _2rdamedia
_asin mediación
_bn
338 _2rdacarrier
_avolumen
_bnc
590 _aInventariado, 2023 / DG
910 _aDG
942 _2ddc
_cLBS1
999 _c25389
_d25389